Slater nursing competencies rating scale / (Record no. 4230)

000 -LEADER
fixed length control field 00932cam a2200301 i 4500
001 - CONTROL NUMBER
control field 4106305
003 - CONTROL NUMBER IDENTIFIER
control field OSt
005 - DATE AND TIME OF LATEST TRANSACTION
control field 20220321083353.0
008 - FIXED-LENGTH DATA ELEMENTS--GENERAL INFORMATION
fixed length control field 750211s1975 nyu b 000 0 eng
010 ## - LIBRARY OF CONGRESS CONTROL NUMBER
LC control number 75004793
020 ## - INTERNATIONAL STANDARD BOOK NUMBER
International Standard Book Number 0838585817
040 ## - CATALOGING SOURCE
Original cataloging agency DLC
Transcribing agency DLC
Modifying agency DLC
050 00 - LIBRARY OF CONGRESS CALL NUMBER
Classification number RT82
Item number .W35 1975
060 ## - NATIONAL LIBRARY OF MEDICINE CALL NUMBER
Classification number WY16 W245s
082 00 - DEWEY DECIMAL CLASSIFICATION NUMBER
Classification number 153.9/4/61073
100 1# - MAIN ENTRY--PERSONAL NAME
Personal name Wandelt, Mabel A.
Fuller form of name (Mabel Ann),
Dates associated with a name 1917-
245 10 - TITLE STATEMENT
Title Slater nursing competencies rating scale /
Statement of responsibility, etc. Mabel A. Wandelt, Doris Slater Stewart.
260 ## - PUBLICATION, DISTRIBUTION, ETC.
Place of publication, distribution, etc. New York :
Name of publisher, distributor, etc. Appleton-Century-Crofts,
Date of publication, distribution, etc. c1975.
300 ## - PHYSICAL DESCRIPTION
Extent xv, 101 p. ;
Dimensions 23 cm.
504 ## - BIBLIOGRAPHY, ETC. NOTE
Bibliography, etc. note Bibliography: p. 101.
650 #0 - SUBJECT ADDED ENTRY--TOPICAL TERM
Topical term or geographic name entry element Nursing
General subdivision Ability testing.
650 #2 - SUBJECT ADDED ENTRY--TOPICAL TERM
Topical term or geographic name entry element Nursing care.
650 #2 - SUBJECT ADDED ENTRY--TOPICAL TERM
Topical term or geographic name entry element Psychological tests.
700 1# - ADDED ENTRY--PERSONAL NAME
Personal name Stewart, Doris Slater,
Relator term joint author.
740 0# - ADDED ENTRY--UNCONTROLLED RELATED/ANALYTICAL TITLE
Uncontrolled related/analytical title Nursing competencies rating scale.
906 ## - LOCAL DATA ELEMENT F, LDF (RLIN)
a 7
b cbc
c orignew
d 1
e ocip
f 19
g y-gencatlg
942 ## - ADDED ENTRY ELEMENTS (KOHA)
Source of classification or shelving scheme
Koha item type Book
Holdings
Withdrawn status Lost status Source of classification or shelving scheme Damaged status Not for loan Permanent Location Current Location Shelving location Date acquired Source of acquisition Total Checkouts Full call number Barcode Date last seen Price effective from Koha item type Public note
          AU LIBRARY AU LIBRARY Open Shelf 21.03.2022 DONATION FROM MOI UNIVERSITY   RT82 .W35 1975 28006234 21.03.2022 21.03.2022 Book CM

Powered by Koha